000
00313nam a2200133Ia 4500
008
230312s9999||||xx |||||||||||||| ||und||
082
_a
891.4
_b
NAD-U
100
_a
ندیم احمد
245
0
_a
اُردو قوم
260
_b
well come book
_a
pak
_c
2009
300
_a
109
650
_a
Literature
942
_c
BK
999
_c
15038
_d
15038